000 01542nam a2200313 i 4500
003 DO-SdBNP
005 20250221073756.0
007 ta
008 220914e2010 dr adb|fr||||o001 0 spa d
020 _a9789945917819
040 _aDO-SdBNP
_bspa
_cBNPHU
_erda
082 4 _222
_bR426p
110 1 _aRepública Dominicana.
_bOficina Nacional de Estadística
_95775
245 1 0 _aProyección de hogares :
_b 2010 - 2025 /
264 _aSanto Domingo :
_bONE,
_c[2010].
300 _a39 páginas
_bilustraciones, graficos mapas
_c28 c.m
336 _2rdacontent
_atexto
_btxt
337 _2rdamedia
_asin mediación
_bn
338 _2rdacarrier
_avolumen
_bnc
505 _aPresentación.
505 _aIntroducción.
_t1. Metodología.--
_t1.1 Objetivos.--
_t1.2 Introducción a la metodología.--
_t1.3 Procedimiento del cálculo.--
_t1.4 Características de los hogares a ser consideradas.--
_t1.5 Fuentes de información.--
_t1.6 Conceptos fundamentales.--
_t1.7 Caracterización básica de los hogares dominicanos.--
_t2. Principales resultados.--
_t2.1 Resultados nacionales.--
_t2.2 Resultados regionales.--
_t2.3 Resultados provinciales.
650 4 _981380
_aEncuestas de hogares
_y2010 - 2025
_zRepública Dominicana
650 4 _953478
_aViviendas
_xCensos
_zRepública Dominicana
650 _932675
_aPolítica Familiar
_zRepública Dominicana
651 4 _932161
_aRepública Dominicana
_vEstadísticas
_xHogares
_y2010 - 2025
710 1 _aRepública Dominicana.
_bOficina Nacional de Estadística
_95775
910 _aMFeliz
942 _2ddc
_cLF2
999 _c52391
_d52391